000 00480nam a2200157Ia 4500
005 20250508160027.0
008 008 250505s9999 xx 000 0 eng d
037 _aBooks to be hide in OPAC
040 _aFEDL
_beng
_cFEDL
041 _aeng
_2eng
084 _a379.5423, NOR/O
_qFEDL
245 0 _aReport on public instruction of the north-west frontier, border province 1927-28
300 _a60p.
942 _cHB
_h379.5423, NOR/O
999 _c1361181
_d1361181